dog breeds that start with B - Statistics

General Stats
  • This quiz has been taken 360 times
  • The average score is 6 of 15
Answer Stats
Hint Answer % Correct
beagle
73%
bassethound
62%
bulldog
60%
boxer
58%
border collie
48%
bloodhound
44%
bichon frise
37%
basenji
34%
bull terrier
34%
bullmastiff
28%
border terrier
25%
bernese mountain dog
22%
bearded collie
16%
brussels griffon
9%
boston terrior
1%
No matching quizzes found
Score Distribution
Percent of People with Each Score
Percentile by Number Answered
Your Score History
You have not taken this quiz